| 000 | 00875nam a2200181Ia 4500 | ||
|---|---|---|---|
| 003 | IEPS | ||
| 005 | 20250703135245.0 | ||
| 008 | 250223s9999||||xx |||||||||||||| ||und|| | ||
| 040 | _CIEPS | ||
| 041 | _aara | ||
| 082 | _a612.7 | ||
| 100 | _aعلي عادل عبد البصير | ||
| 245 | 0 | _aالتحليل الكيفي لحركة جسم الانسان | |
| 260 |
_aالاسكندرية _bالمكتبة المصرية للطباعة و النشر والتوزيع _c2004 |
||
| 300 |
_a433 ص. _bصور، مخططات _c25 سم. |
||
| 520 | _aالتحليل الكيفي و التطور التاريخي له في علم الحركة و أهمية النماذج في التحليل الكيفي و توضيح كيف يعتمد المدرس أو المحاضر على تكامل نموذجه للتحليل الكيفي و تبيان أهم مهامه.. | ||
| 942 | _cكتاب | ||
| 999 |
_c11454 _d11454 |
||